<?xml version="1.0" encoding="UTF-8"?><?xml-stylesheet type="text/xsl" href="static/style.xsl"?><OAI-PMH xmlns="http://www.openarchives.org/OAI/2.0/" xmlns:xsi="http://www.w3.org/2001/XMLSchema-instance" xsi:schemaLocation="http://www.openarchives.org/OAI/2.0/ http://www.openarchives.org/OAI/2.0/OAI-PMH.xsd"><responseDate>2026-06-29T02:49:58Z</responseDate><request verb="GetRecord" identifier="oai:docta.ucm.es:20.500.14352/118337" metadataPrefix="marc">https://docta.ucm.es/rest/oai/request</request><GetRecord><record><header><identifier>oai:docta.ucm.es:20.500.14352/118337</identifier><datestamp>2025-02-27T01:11:20Z</datestamp><setSpec>com_20.500.14352_14</setSpec><setSpec>col_20.500.14352_15</setSpec></header><metadata><record xmlns="http://www.loc.gov/MARC21/slim" xmlns:dcterms="http://purl.org/dc/terms/" xmlns:xsi="http://www.w3.org/2001/XMLSchema-instance" xmlns:doc="http://www.lyncode.com/xoai" xsi:schemaLocation="http://www.loc.gov/MARC21/slim http://www.loc.gov/standards/marcxml/schema/MARC21slim.xsd">
   <leader>00925njm 22002777a 4500</leader>
   <datafield ind2=" " ind1=" " tag="042">
      <subfield code="a">dc</subfield>
   </datafield>
   <datafield ind2=" " ind1=" " tag="720">
      <subfield code="a">Planchas Gallarte, Soraya</subfield>
      <subfield code="e">author</subfield>
   </datafield>
   <datafield ind2=" " ind1=" " tag="260">
      <subfield code="c">2024-06</subfield>
   </datafield>
   <datafield ind2=" " ind1=" " tag="520">
      <subfield code="a">RESUMEN: En las descripciones de Dioniso aparecen con frecuencia términos contradictorios entre sí o campos de actuación opuestos, lo que responde a la propia naturaleza confusa y obscura del dios. En este trabajo analizaré un pasaje de Plutarco en el que se describe a dicha divinidad como dios de la guerra y de la paz («Demetr.» 2.3), caracterización que no resulta extraña para los estudiosos de Dioniso, pero que es necesario analizar para conocer su significado, literal o metafórico. Dicho análisis nos permitirá entender, a su vez, si el pasaje está conectado con anteriores menciones semejantes de posible carácter ritual o si pertenece a la tradición mitológica que considera a Dioniso un dios civilizador. De este modo, podremos acercarnos un poco más a la obra del de Queronea, en la que este dios parece estar casi omnipresente.</subfield>
   </datafield>
   <datafield ind2=" " ind1=" " tag="520">
      <subfield code="a">ABSTRACT: In the descriptions of Dionysus there are often contradictory terms or opposing fields of action, which responds to the very confusing and obscure nature of the god. In this paper I will analyze a passage from Plutarch in which Dionysus is described as a god of war and peace (“Demetr.” 2.3), a portrayal that is not strange to Dionysus scholars, but which needs to be analyzed in order to understand its literal or metaphorical meaning. This will allow us to understand, in turn, whether the passage is connected to previous similar mentions of a possible ritual character or whether it belongs to the mythological tradition that considers Dionysus a civilizing god. In this way, we will be able to get closer to the work of the man from Chaeronea, in which this god seems to be almost omnipresent.</subfield>
   </datafield>
   <datafield ind1="8" ind2=" " tag="024">
      <subfield code="a">Planchas Gallarte, Soraya (2024) «La polaridad de Dioniso: un dios en la guerra y en la paz (Plu., Demetr. 2.3)», Emerita 92 (1), 1296. https://doi.org/10.3989/emerita.2024.1296</subfield>
   </datafield>
   <datafield ind1="8" ind2=" " tag="024">
      <subfield code="a">0013-6662</subfield>
   </datafield>
   <datafield ind1="8" ind2=" " tag="024">
      <subfield code="a">10.3989/emerita.2024.1296</subfield>
   </datafield>
   <datafield ind1="8" ind2=" " tag="024">
      <subfield code="a">https://hdl.handle.net/20.500.14352/118337</subfield>
   </datafield>
   <datafield ind1="8" ind2=" " tag="024">
      <subfield code="a">1988-8384</subfield>
   </datafield>
   <datafield ind1="8" ind2=" " tag="024">
      <subfield code="a">https://doi.org/10.3989/emerita.2024.1296</subfield>
   </datafield>
   <datafield ind1="8" ind2=" " tag="024">
      <subfield code="a">https://emerita.revistas.csic.es/index.php/emerita/article/view/1296</subfield>
   </datafield>
   <datafield ind1="8" ind2=" " tag="024">
      <subfield code="a">https://emerita.revistas.csic.es/index.php/emerita/index</subfield>
   </datafield>
   <datafield ind1="8" ind2=" " tag="024">
      <subfield code="a">https://editorial.csic.es/publicaciones/</subfield>
   </datafield>
   <datafield ind1="8" ind2=" " tag="024">
      <subfield code="a">https://revistas.csic.es/</subfield>
   </datafield>
   <datafield ind2="0" ind1="0" tag="245">
      <subfield code="a">La polaridad de Dioniso : un dios en la guerra y en la paz (Plu., «Demetr». 2.3)</subfield>
   </datafield>
   <datafield ind2="0" ind1="0" tag="245">
      <subfield code="a">The Polarity of Dionysus : a God in War and in Peace (Plu., “Demetr.” 2.3)</subfield>
   </datafield>
</record></metadata></record></GetRecord></OAI-PMH>